Ingeniería del medio ambiente aplicada al medio natural continental: la contaminación del medio natural continental. Aire, aguas, suelos, vegetación y fauna. Tecnologías de identificación, lucha y corrección

Saved in:
Bibliografiske detaljer
Hovedforfatter: Seoánez Calvo, Mariano (Author)
Format: Bog
Sprog:spansk
Udgivet: Madrid Mundi-Prensa 1999
Udgivelse:2a. ed
Serier:Ingeniería del Medio Ambiente
Fag:
Tags: Tilføj Tag
Ingen Tags, Vær først til at tagge denne postø!

MARC

LEADER 00000cam a2200000 a 4500
001 UCF2518
003 CL-VaPUC
008 120824e19990000SP |||||||||||||||||spa|d
020 |a 8471147963 
082 0 4 |a 337.7  |b SEO  |2 21 
100 0 |a Seoánez Calvo, Mariano  |e author  |9 564205 
245 1 0 |a Ingeniería del medio ambiente aplicada al medio natural continental: la contaminación del medio natural continental. Aire, aguas, suelos, vegetación y fauna. Tecnologías de identificación, lucha y corrección 
250 |a 2a. ed 
300 |a 702 p 
942 |c BK 
945 |d 20120824 00:00:00  |a dcastane 
260 |a Madrid  |b Mundi-Prensa  |c 1999 
650 0 |a Medio ambiente natural  |9 338575 
650 0 |a Protección del medio ambiente  |9 257626 
650 0 |a Contaminación del medio ambiente   |9 482074 
583 |a last modification  |c 20120824 12:41:00  |k Rodrigo Vera 
490 0 |a Ingeniería del Medio Ambiente 
999 |c 349074  |d 349072 
952 |0 0  |1 0  |4 0  |6 337_700000000000000_SEO_1999  |7 0  |8 A  |9 451465  |a BIBMEC  |b BIBMEC  |d 2019-11-22  |i 4884663  |o 337.7 SEO 1999  |p 4884663  |r 2024-01-19  |w 2019-11-22  |y BK  |k MEC